[Event "Championnat de la Loire 2023-2024"]
[Site "St Etienne"]
[Date "2023.12.02"]
[Round "2.1"]
[White "Mulot, Laurent"]
[Black "Tchalimian, Pascal"]
[Result "0-1"]
[WhiteElo "1412"]
[BlackElo "1900"]
[PlyCount "44"]
[EventDate "2023.??.??"]

1. e4 c5 2. c3 e6 3. d4 d5 4. exd5 exd5 5. Nf3 a6 6. Be2 Bd6 7. dxc5 Bxc5 8.
O-O Ne7 9. Bf4 O-O 10. Re1 Qb6 11. Nbd2 Bxf2+ 12. Kh1 Bxe1 13. Qxe1 Ng6 14. Qg3
Nxf4 15. Qxf4 Qxb2 16. Rf1 Qxc3 17. Ng5 Nc6 18. Qh4 h6 19. Nde4 dxe4 20. Qxe4
hxg5 21. Bd3 g6 22. Bc4 Bf5 0-1

[Event "Championnat de la Loire 2023-2024"]
[Site "St Etienne"]
[Date "2023.12.02"]
[Round "2.2"]
[White "Bumba, Ovidiu"]
[Black "Frey, Thierry"]
[Result "1-0"]
[WhiteElo "1843"]
[BlackElo "1684"]
[PlyCount "95"]
[EventDate "2023.??.??"]

1. e4 c5 2. Nf3 d6 3. d4 cxd4 4. Nxd4 Nf6 5. Nc3 a6 6. Bg5 e6 7. f4 Be7 8. Qf3
Qc7 9. O-O-O Nbd7 10. g4 h6 11. Bh4 Nb6 12. f5 e5 13. Bxf6 Bxf6 14. Nb3 Bd7 15.
Qd3 Be7 16. Be2 O-O 17. h4 g6 18. g5 Bb5 19. Nxb5 axb5 20. f6 Bd8 21. Qxd6 Qxd6
22. Rxd6 Bc7 23. Rdd1 Ra4 24. Bxb5 Rxe4 25. gxh6 Rf4 26. h5 Rxf6 27. Nc5 gxh5
28. Rxh5 Rf4 29. Re1 Rg4 30. Bd3 Nd5 31. Bf5 Rg3 32. Nxb7 Kh8 33. Nc5 Nf6 34.
Rhh1 Rfg8 35. h7 R8g5 36. Bd3 Bb6 37. Ne4 Nxe4 38. Rxe4 R3g4 39. Re2 Rg1+ 40.
Rxg1 Rxg1+ 41. Kd2 f6 42. a4 Rg3 43. b4 Bc7 44. c4 Rg5 45. Rf2 Bd8 46. a5 Rg4
47. a6 Rg7 48. c5 1-0

[Event "Championnat de la Loire 2023-2024"]
[Site "St Etienne"]
[Date "2023.12.02"]
[Round "2.3"]
[White "Moulin, Aymeric"]
[Black "Cursoux, Gerard"]
[Result "0-1"]
[WhiteElo "1199"]
[BlackElo "1804"]
[PlyCount "82"]
[EventDate "2023.??.??"]

1. d4 Nf6 2. Nc3 c5 3. d5 a6 4. e4 d6 5. a4 g6 6. Bd3 Bg7 7. Nge2 Nbd7 8. h3
Ne5 9. Bg5 c4 10. f4 cxd3 11. cxd3 Ned7 12. d4 O-O 13. e5 Ne8 14. Ng3 f6 15.
exf6 Bxf6 16. O-O Ng7 17. Bh6 Qb6 18. Kh1 Qxd4 19. Qg4 Nc5 20. Rad1 Bxg4 21.
Rxd4 Bxd4 22. hxg4 Bxc3 23. bxc3 Nxa4 24. c4 Rac8 25. Re1 Rf7 26. Ne4 Rxc4 27.
Ng5 Rcxf4 28. Nxf7 Rxf7 29. Rc1 Nc5 30. Be3 b6 31. Rb1 b5 32. Rc1 Rf8 33. Re1
Rb8 34. Bh6 e5 35. dxe6 Ngxe6 36. g3 d5 37. Bf4 Nxf4 38. gxf4 b4 39. Re7 b3 40.
f5 gxf5 41. gxf5 b2 {non lisible} 0-1

[Event "Championnat de la Loire 2023-2024"]
[Site "St Etienne"]
[Date "2023.12.02"]
[Round "2.4"]
[White "Guichard, Thomas"]
[Black "Doran, Niall"]
[Result "0-1"]
[WhiteElo "1717"]
[BlackElo "1644"]
[PlyCount "60"]
[EventDate "2023.??.??"]

1. d4 d5 2. Nf3 Nf6 3. e3 e6 4. Bd3 Be7 5. O-O O-O 6. b3 b6 7. Bb2 Bb7 8. Nbd2
Nbd7 9. Ne5 Re8 10. f4 Rc8 11. Qf3 c5 12. g4 Nf8 13. f5 Qc7 14. Qg3 Bd6 15. Qh4
Ne4 16. Nxe4 dxe4 17. Bc4 f6 18. Bb5 fxe5 19. Bxe8 Rxe8 20. f6 gxf6 21. Qxf6
exd4 22. Rf2 Be5 23. Qg5+ Ng6 24. Raf1 dxe3 25. Rf7 Bxh2+ 26. Kh1 e2 27. Rf8+
Rxf8 28. Rxf8+ Kxf8 29. Qf6+ Kg8 30. Bc3 e3+ 0-1

[Event "Championnat de la Loire 2023-2024"]
[Site "St Etienne"]
[Date "2023.12.02"]
[Round "2.5"]
[White "Philip, Sylvain"]
[Black "Caron, Mickael"]
[Result "1-0"]
[WhiteElo "1689"]
[BlackElo "1199"]
[PlyCount "79"]
[EventDate "2023.??.??"]

1. d4 Nf6 2. c4 c5 3. d5 e6 4. Nc3 exd5 5. cxd5 d6 6. e4 g6 7. Be2 Bg7 8. Nf3
O-O 9. h3 a6 10. a4 Qa5 11. Bd2 Qd8 12. O-O Re8 13. Qc2 Nbd7 14. Bf4 Ne5 15.
Nxe5 dxe5 16. Be3 b6 17. Nb1 Qd6 18. Nd2 Bb7 19. Nc4 Qd8 20. a5 Nd7 21. Nd6 Qc7
22. Nxe8 Rxe8 23. axb6 Qxb6 24. b4 Bf8 25. bxc5 Nxc5 26. Rfb1 Qc7 27. Bxc5 Rb8
28. Bxa6 Bxc5 29. Bxb7 Qd6 30. Ra8 Rxa8 31. Bxa8 Kg7 32. Bc6 Bd4 33. Rb3 h5 34.
Qe2 h4 35. Qf3 Qc5 36. Rb7 Qc1+ 37. Kh2 Qf4+ 38. Qxf4 exf4 39. Kg1 g5 40. d6
1-0

[Event "Championnat de la Loire 2023-2024"]
[Site "St Etienne"]
[Date "2023.12.02"]
[Round "2.6"]
[White "Zaouak, Fahim"]
[Black "Trottet, Francois"]
[Result "1-0"]
[WhiteElo "1621"]
[BlackElo "1318"]
[PlyCount "81"]
[EventDate "2023.??.??"]

1. d4 Nf6 2. Bf4 e6 3. e3 d5 4. Nf3 Nbd7 5. c3 Nh5 6. Bg5 Nhf6 7. Nbd2 Be7 8.
Bd3 h6 9. Bh4 c5 10. h3 Qc7 11. Qe2 c4 12. Bc2 a5 13. Ba4 O-O 14. Bc2 b5 15. e4
dxe4 16. Nxe4 Re8 17. O-O Bb7 18. Nxf6+ Nxf6 19. Ne5 Rad8 20. f4 Bd5 21. Rae1
Qb7 22. Kh2 Nh7 23. Qh5 Bxh4 24. Qxh4 Bxg2 25. Rg1 f6 26. Ng4 Bd5 27. Nxh6+ Kf8
28. Bxh7 Re7 29. Bc2 Rdd7 30. Qxf6+ Rf7 (30... gxf6 31. Rg8#) 31. Qg5 gxh6 32.
Qxh6+ Ke7 33. Re5 Kd6 34. f5 Rg7 35. Rg6 Rxg6 36. fxg6 Bh1 37. Qf8+ Re7 38. Re2
Qf3 39. Qxf3 Bxf3 40. Re5 Bh5 41. Rxh5 1-0

[Event "Championnat de la Loire 2023-2024"]
[Site "St Etienne"]
[Date "2023.12.02"]
[Round "2.7"]
[White "Minchilli, Franco"]
[Black "Barrandon, Georges"]
[Result "1-0"]
[WhiteElo "1605"]
[BlackElo "1294"]
[PlyCount "116"]
[EventDate "2023.??.??"]

1. d4 d5 2. Nf3 e6 3. Bf4 Bd6 4. Ne5 f6 5. Nd3 Ne7 6. e3 Nbc6 7. Be2 O-O 8. Nd2
Ng6 9. Bg3 e5 10. dxe5 fxe5 11. c3 Qf6 12. Qb3 e4 13. Qxd5+ Be6 14. Qxe4 Bxg3
15. hxg3 Bf5 16. Qc4+ Be6 17. Qc5 Rad8 18. Ne4 Qf5 19. Qxf5 Bxf5 20. f3 Bxe4
21. fxe4 Nce5 22. Nc5 Rb8 23. O-O-O b6 24. Ne6 Rf7 25. Ng5 Rf2 26. Bf3 h6 27.
Nh3 Rxf3 28. gxf3 Nxf3 29. Rd7 Rc8 30. Rhd1 Nfe5 31. Rd8+ Rxd8 32. Rxd8+ Kf7
33. Nf4 Ne7 34. Nd5 N7c6 35. Ra8 Nd3+ 36. Kc2 Nf2 37. e5 Nxe5 38. Rxa7 Ne4 39.
Rxc7+ Kg6 40. Nf4+ Kf6 41. Nh5+ Kg5 42. Nxg7 Nxg3 43. Ne6+ Kg4 44. Nd4 h5 45.
Rg7+ Kh3 46. Kd1 Ng4 47. Ke1 Nxe3 48. Kf2 Ng4+ 49. Kf3 Nh2+ 50. Kf4 h4 51. Rg6
Nh5+ 52. Ke3 Ng4+ 53. Kd2 Nf4 54. Rxb6 Kg3 55. Nf5+ Kh3 56. a4 Ng2 57. a5 Kh2
58. Nxh4 Nxh4 1-0

[Event "Championnat de la Loire 2023-2024"]
[Site "St Etienne"]
[Date "2023.12.02"]
[Round "2.8"]
[White "Libiszewski, Christian"]
[Black "Walter, Alain"]
[Result "0-1"]
[WhiteElo "1218"]
[BlackElo "1570"]
[PlyCount "59"]
[EventDate "2023.??.??"]

1. e4 e6 2. d4 d5 3. exd5 exd5 4. Bf4 Nc6 5. Nf3 Bg4 6. c3 Nge7 7. Be2 f6 8.
Nbd2 Qd7 9. O-O O-O-O 10. Re1 g5 11. Bg3 Kb8 12. h3 Bf5 13. Nb3 Ng6 14. Bd3 h5
15. Qc2 Bxd3 16. Qxd3 Qh7 17. Rad1 Bd6 18. Bxd6 cxd6 19. Kf1 g4 20. Nh2 Qg7 21.
Qf5 Nce7 22. Qd3 f5 23. Rc1 Nf4 24. Qe3 Neg6 25. hxg4 hxg4 26. Qg3 Qh6 27. Kg1
Nd3 28. Qxd3 Qxh2+ 29. Kf1 Nf4 30. Qg3 0-1

[Event "Championnat de la Loire 2023-2024"]
[Site "St Etienne"]
[Date "2023.12.02"]
[Round "2.9"]
[White "Bouchut, Leo"]
[Black "Belhadj, Jeremie"]
[Result "1/2-1/2"]
[WhiteElo "1456"]
[BlackElo "1199"]
[PlyCount "115"]
[EventDate "2023.??.??"]

1. e4 d5 2. exd5 Qxd5 3. Nc3 Qa5 4. Nf3 Nf6 5. a3 c6 6. d4 Bf5 7. Bc4 e6 8. O-O
Be7 9. Bd2 Qb6 10. Na4 Qc7 11. Nc5 Bxc5 12. dxc5 h6 13. Bc3 Nbd7 14. Qe2 Bg4
15. Qe3 Bxf3 16. Qxf3 O-O 17. Rfe1 Rfe8 18. Rad1 Rad8 19. h3 b6 20. Rd6 Nd5 21.
Bxd5 exd5 22. Rxe8+ Rxe8 23. Qg3 f6 24. b4 bxc5 25. bxc5 Nxc5 26. Bxf6 Re1+ 27.
Kh2 Qb7 28. Bd4 Ne4 29. Rd8+ Kh7 30. Qg4 Qc7+ 31. g3 Qf7 32. Rd7 h5 33. Rxf7
hxg4 34. Rxg7+ Kh6 35. Rxg4 Re2 36. Rf4 Rxc2 37. Be3 Kg6 38. Bxa7 Ra2 39. Rf3
Kh5 40. Kg2 Kg6 41. g4 c5 42. Rf5 c4 43. Rxd5 c3 44. Be3 c2 45. Kf3 Rxa3 46.
Kxe4 Rxe3+ 47. Kxe3 c1=Q+ 48. Rd2 Qc3+ 49. Rd3 Qe5+ 50. Kd2 Qf4+ 51. Ke2 Kg5
52. Re3 Qc4+ 53. Kf3 Qd5+ 54. Kg3 Qd6+ 55. Kg2 Qd5+ 56. Rf3 Kh4 57. g5 Qxg5+
58. Rg3 1/2-1/2

[Event "Championnat de la Loire 2023-2024"]
[Site "St Etienne"]
[Date "2023.12.02"]
[Round "2.10"]
[White "Bumba, Daniel"]
[Black "Bellotti, Laurent"]
[Result "1-0"]
[WhiteElo "1199"]
[BlackElo "1451"]
[PlyCount "57"]
[EventDate "2023.??.??"]

1. Nf3 d5 2. g3 Bg4 3. Bg2 Bxf3 4. Bxf3 c5 5. d3 Nc6 6. O-O Nf6 7. Nd2 e6 8.
Bg2 Be7 9. a4 a6 10. e4 dxe4 11. dxe4 O-O 12. Re1 Qc7 13. Nc4 b5 14. axb5 axb5
15. Rxa8 Rxa8 16. Na3 Rb8 17. b3 b4 18. Nc4 Ne5 19. Nxe5 Qxe5 20. Bf4 Rd8 21.
Bxe5 Rxd1 22. Rxd1 Ng4 23. Bd6 Kf8 24. e5 f6 25. exf6 Nxf6 26. Bxe7+ Kxe7 27.
Re1 Kd6 28. f4 h6 29. Bh3 1-0

[Event "Championnat de la Loire 2023-2024"]
[Site "St Etienne"]
[Date "2023.12.02"]
[Round "2.11"]
[White "Vier, Serge"]
[Black "Taillepierre, Michel"]
[Result "1/2-1/2"]
[WhiteElo "1488"]
[BlackElo "1220"]
[PlyCount "77"]
[EventDate "2023.??.??"]

1. d4 c6 2. c4 d5 3. Nf3 Nf6 4. Nc3 e6 5. Bg5 h6 6. Bf4 Be7 7. cxd5 cxd5 8. e3
O-O 9. Bd3 Nc6 10. Rc1 Nh7 11. Bg3 a6 12. Qb3 f5 13. a3 Ng5 14. Ne5 Nxe5 15.
Bxe5 Bd6 16. Bxd6 Qxd6 17. Ne2 Bd7 18. O-O Ne4 19. f3 Rac8 20. Qd1 Rxc1 21.
Nxc1 Ng5 22. Bb1 Bb5 23. Rf2 Rc8 24. a4 Bd7 25. Nd3 b6 26. Ne5 Nf7 27. Nxd7
Qxd7 28. Rc2 Nd6 29. Rc3 Nc4 30. Qc2 Kf7 31. b3 Na3 32. Qc1 Rxc3 33. Qxc3 Nxb1
34. Qc1 Qd6 35. Qxb1 Qb4 36. Qd1 Qc3 37. Kf2 b5 38. axb5 axb5 39. h4 1/2-1/2

[Event "Championnat de la Loire 2023-2024"]
[Site "St Etienne"]
[Date "2023.12.02"]
[Round "2.12"]
[White "Brachet, Gerard"]
[Black "Lavisse, Christian"]
[Result "1/2-1/2"]
[WhiteElo "1263"]
[BlackElo "1440"]
[PlyCount "50"]
[EventDate "2023.??.??"]

1. e4 e5 2. Nf3 Nc6 3. Bc4 Be7 4. d3 Nf6 5. Nc3 O-O 6. a3 Bc5 7. Be3 Bxe3 8.
fxe3 Ne7 9. Nxe5 d6 10. Nf3 c6 11. O-O Bg4 12. d4 d5 13. exd5 cxd5 14. Be2 Ne4
15. Qd3 Bf5 16. Qb5 Nxc3 17. bxc3 b6 18. Bd3 Be6 19. Ng5 Ng6 20. Nxe6 fxe6 21.
Rxf8+ Qxf8 22. Bxg6 hxg6 23. c4 Qd6 24. c5 bxc5 25. Qxc5 Qxc5 1/2-1/2

[Event "Champ Loire ronde 2"]
[Site "St Etienne"]
[Date "2023.12.02"]
[Round "?"]
[White "Joly, Christian"]
[Black "Merle, Jérémie"]
[Result "1-0"]
[WhiteElo "1394"]
[BlackElo "1199"]
[PlyCount "85"]
[EventDate "2022.??.??"]
[SourceDate "2023.12.02"]

1. e4 c6 2. d4 d5 3. exd5 cxd5 4. c4 Nf6 5. c5 Nc6 6. a3 Bf5 7. Nf3 e6 8. Be2
Be7 9. O-O O-O 10. b4 a6 11. Nbd2 Qc7 12. h3 e5 13. dxe5 Nxe5 14. Bb2 Nc6 15.
Re1 Rad8 16. Nf1 Ne4 17. Ne3 Be6 18. Qc2 Qf4 19. Bc1 Qf6 20. Rb1 Qg6 21. Ng4
Bxg4 22. hxg4 Bf6 23. Bb2 Bxb2 24. Rxb2 Qf6 25. Bd1 Nd4 26. Nxd4 Qxd4 27. Bf3
Rfe8 28. Rbb1 Re6 29. Rbd1 Qe5 30. Rxe4 Qf6 31. Rxe6 fxe6 32. a4 Rc8 33. b5 a5
34. Rb1 b6 35. c6 Rc7 36. Re1 Kf7 37. Qe2 Qe7 38. Qe3 Qd6 39. Qxb6 Rc8 40. Qxa5
Qc5 41. Qd2 Kf6 42. Rc1 Qa3 43. Qc3+ 1-0

[Event "Championnat de la Loire 2023-2024"]
[Site "St Etienne"]
[Date "2023.12.02"]
[Round "2.14"]
[White "Valette, Thomas"]
[Black "Martin, Julien"]
[Result "1-0"]
[WhiteElo "1220"]
[BlackElo "1374"]
[PlyCount "85"]
[EventDate "2023.??.??"]

1. e4 e5 2. Nf3 d6 3. d4 exd4 4. Nxd4 Bd7 5. Nc3 Nc6 6. Be3 Be7 7. Qd2 Nf6 8.
f3 a6 9. O-O-O O-O 10. h4 Nh5 11. Nxc6 Bxc6 12. Qf2 Bf6 13. Nd5 Bxd5 14. Rxd5
g6 15. g4 Ng7 16. f4 c6 17. Rd3 Qa5 18. a3 Qc7 19. Bb6 Qd7 20. e5 Be7 21. Bh3
d5 22. h5 g5 23. h6 Ne6 24. f5 Nf4 25. Rf3 Kh8 26. f6 Bd8 27. Bc5 Rg8 28. Rxf4
gxf4 29. Qxf4 Qe8 30. Bf1 Qd7 31. Rg1 Qe6 32. Bd3 Bc7 33. Bd4 b6 34. b3 c5 35.
Bb2 d4 36. Qe4 Rg6 37. Qxa8+ Rg8 38. Qe4 Rg6 39. Qb7 Qxe5 40. Qe4 Qg5+ 41. Kb1
Qxf6 42. Qb7 Qf2 43. Rf1 1-0

[Event "Championnat de la Loire 2023-2024"]
[Site "St Etienne"]
[Date "2023.12.02"]
[Round "2.15"]
[White "Megnot, Philippe"]
[Black "Choquelle, Jean"]
[Result "1-0"]
[WhiteElo "1373"]
[BlackElo "1120"]
[PlyCount "63"]
[EventDate "2023.??.??"]

1. e4 e5 2. Nf3 Nc6 3. Bc4 Bc5 4. c3 Nf6 5. d3 d6 6. Bg5 O-O 7. h3 Qe7 8. d4
exd4 9. Bxf6 Qxf6 10. O-O Bd7 11. cxd4 Bxd4 12. Nxd4 Nxd4 13. Nc3 b5 14. Bb3 a6
15. Nd5 Qe5 16. Nxc7 Rac8 17. Nd5 Rc6 18. Nc3 Rc5 19. f4 Qf6 20. Nd5 Qd8 21.
Qxd4 Be6 22. f5 Bc8 23. Rf3 Re8 24. Rg3 Re5 25. Rf1 f6 26. Nxf6+ Kh8 27. Nd5
Bb7 28. Rf4 h6 29. Rfg4 Rc8 30. Rxg7 Qf8 31. Rxb7 Rce8 32. Nf4 1-0

[Event "Championnat de la Loire 2023-2024"]
[Site "St Etienne"]
[Date "2023.12.02"]
[Round "2.16"]
[White "Vernay, Nicolas"]
[Black "Turc, Didier"]
[Result "0-1"]
[WhiteElo "1199"]
[BlackElo "1317"]
[PlyCount "74"]
[EventDate "2023.??.??"]

1. e4 d5 2. e5 Nc6 3. d4 Bf5 4. Bb5 a6 5. Bxc6+ bxc6 6. h3 e6 7. c3 Ne7 8. Nf3
h6 9. Na3 Bh7 10. Nc2 Nf5 11. Ne3 Qd7 12. Nxf5 Bxf5 13. Bf4 c5 14. O-O Rb8 15.
b3 Qb5 16. Ne1 cxd4 17. cxd4 Ba3 18. Bc1 Be7 19. f4 Rc8 20. a4 Qb6 21. Ba3 c5
22. Rc1 c4 23. Bxe7 Kxe7 24. bxc4 dxc4 25. Rf3 Rhd8 26. Nc2 Bxc2 27. Rxc2 Rxd4
28. Qxd4 Qxd4+ 29. Kh2 a5 30. Kg3 c3 31. Rcxc3 Rxc3 32. Rxc3 Qxc3+ 33. Kg4 Qc4
34. g3 Qxa4 35. h4 Qd1+ 36. Kh3 h5 37. Kg2 a4 0-1